[Event "48th Groningen Open A"]
[Site "Groningen NED"]
[Date "2011.12.23"]
[Round "3.17"]
[White "Cako, Laszlo"]
[Black "Afek, Yochanan"]
[Result "0-1"]
[WhiteElo "2111"]
[BlackElo "2301"]
[PlyCount "80"]
[EventDate "2011.12.21"]

1. e4 c5 2. Nf3 Nf6 3. Nc3 Nc6 4. d4 d5 5. exd5 Nxd5 6. dxc5 Nxc3 7. Qxd8+ Kxd8
8. bxc3 e5 9. Be3 f6 10. O-O-O+ Kc7 11. Nd2 Ne7 12. Bc4 Nf5 13. Ne4 Nxe3 14.
fxe3 Be7 15. Rd2 Bd7 16. Bd5 Rhd8 17. c4 Bf5 18. Nd6 Bxd6 19. cxd6+ Rxd6 20. e4
Bg4 21. h3 Bh5 22. g4 Bg6 23. Rd3 Rb8 24. Kd2 Ra6 25. a3 Ra5 26. Rb1 b6 27. Rb5
Ra4 28. Ke3 Be8 29. Rb1 Bd7 30. Rbd1 Re8 31. c5 bxc5 32. Rc3 Ra5 33. Bf7 Rb8
34. Rd5 Rf8 35. Bh5 g6 36. Rdxc5+ Rxc5 37. Rxc5+ Kb6 38. Rd5 Bc6 39. Rd6 gxh5
40. gxh5 Kc7 0-1

[Event "48th Groningen Open A"]
[Site "Groningen NED"]
[Date "2011.12.23"]
[Round "3.18"]
[White "Tarasova, Viktoriya"]
[Black "Van Overdam, Jan"]
[Result "1-0"]
[WhiteElo "2294"]
[BlackElo "2069"]
[PlyCount "109"]
[EventDate "2011.12.21"]

1. d4 Nf6 2. c4 c5 3. d5 b5 4. cxb5 a6 5. bxa6 g6 6. Nc3 Bxa6 7. Nf3 d6 8. e4
Bxf1 9. Kxf1 Nbd7 10. g3 Bg7 11. Kg2 O-O 12. a4 Ne8 13. Re1 Nc7 14. Bf4 Qb8 15.
Qe2 Qb7 16. Bd2 Rfb8 17. Reb1 Qa7 18. Ra3 Rb4 19. Nb5 Nxb5 20. axb5 Qxa3 21.
bxa3 Rxb1 22. Qd3 Ra1 23. b6 Nxb6 24. Qb5 Rb8 25. Ba5 Ra2 26. e5 dxe5 27. d6
exd6 28. Qb3 Rxa3 29. Qxa3 Nc4 30. Qa4 d5 31. Bc7 Rf8 32. Qd7 e4 33. Ng5 e3 34.
Qxd5 e2 35. Qe4 h6 36. Qxe2 Rc8 37. Qxc4 Rxc7 38. Ne4 Bd4 39. Nd6 Ra7 40. Nb5
Re7 41. Nxd4 cxd4 42. Qxd4 Re6 43. g4 Re8 44. h4 Re6 45. f4 Ra6 46. f5 gxf5 47.
gxf5 Kh7 48. Kf3 Rc6 49. Kf4 Ra6 50. Qc4 Ra7 51. Ke5 Kg7 52. Qg4+ Kf8 53. Qb4+
Kg7 54. f6+ Kh7 55. Qb1+ 1-0

[Event "48th Groningen Open A"]
[Site "Groningen NED"]
[Date "2011.12.23"]
[Round "3.19"]
[White "Brandenburg, Daan"]
[Black "Theulings, Paul-Peter"]
[Result "1-0"]
[WhiteElo "2519"]
[BlackElo "2128"]
[PlyCount "157"]
[EventDate "2011.12.21"]

1. e4 Nf6 2. e5 Nd5 3. d4 d6 4. c4 Nb6 5. f4 g6 6. Nc3 Bg7 7. Be3 Be6 8. Nf3
O-O 9. Qb3 a5 10. Na4 Nxa4 11. Qxa4 c5 12. Rd1 cxd4 13. Nxd4 Bd7 14. Qb3 dxe5
15. fxe5 Qc7 16. Be2 a4 17. Qa3 Bxe5 18. Nf3 Bg7 19. O-O Nc6 20. Kh1 Ne5 21.
Nxe5 Bxe5 22. Qxe7 Be6 23. Qxc7 Bxc7 24. b3 axb3 25. axb3 Rfe8 26. Bc5 Ra2 27.
Bf3 b6 28. Bd4 Ra3 29. Rb1 Rd8 30. Rfd1 Bf5 31. Rb2 Be4 32. Bxe4 Be5 33. Bd5
Bxd4 34. Rbb1 Bf6 35. b4 Rc3 36. b5 Kg7 37. Rf1 Rd7 38. Rbd1 Be5 39. g3 f6 40.
Rc1 Rxc1 41. Rxc1 Bd4 42. Kg2 Bc5 43. g4 Ra7 44. Rc2 Ra3 45. h4 Rb3 46. Re2 Re3
47. Ra2 Ra3 48. Rd2 Re3 49. Bf3 Re7 50. Rd8 Ra7 51. Bd5 g5 52. Rg8+ Kh6 53.
hxg5+ fxg5 54. Rc8 Bd4 55. Kf3 Re7 56. Rc6+ Kg7 57. Be6 Kf6 58. Ke4 Bg1 59. Kd5
Kg7 60. Rc8 h6 61. Bf5 Rf7 62. Rc6 Rf6 63. Be6 Rf8 64. Rc7+ Kh8 65. Bf5 Kg8 66.
Rc6 Rd8+ 67. Ke5 Re8+ 68. Kf6 Bc5 69. Kg6 Be3 70. Kxh6 Kf8 71. Kg6 Ke7 72. Be6
Rd8 73. Kf5 Rd1 74. Bd5 Re1 75. Re6+ Kd7 76. Kg6 Kc7 77. c5 bxc5 78. b6+ Kb8
79. Re8# 1-0

[Event "48th Groningen Open A"]
[Site "Groningen NED"]
[Date "2011.12.23"]
[Round "3.20"]
[White "Firat, Burak"]
[Black "Sparenberg, Erik"]
[Result "1-0"]
[WhiteElo "2393"]
[BlackElo "2162"]
[PlyCount "67"]
[EventDate "2011.12.21"]

1. e4 c5 2. Nf3 d6 3. c3 Nf6 4. Be2 Nbd7 5. d3 b6 6. O-O g6 7. Nbd2 Bb7 8. Re1
Bg7 9. Bf1 O-O 10. d4 cxd4 11. cxd4 Rc8 12. b3 Rc7 13. Bb2 Qa8 14. d5 Rfc8 15.
Nd4 Nh5 16. Rb1 Ne5 17. g3 a6 18. f4 Nd7 19. a4 Nhf6 20. b4 Nf8 21. b5 e6 22.
Nc6 exd5 23. exd5 Nxd5 24. Bxg7 Kxg7 25. Ne4 Bxc6 26. bxc6 Qxc6 27. Bxa6 Rd8
28. Bb5 Qa8 29. Qd4+ f6 30. Rbd1 Ne7 31. Qxf6+ Kh6 32. Nxd6 Rxd6 33. Rxd6 Nf5
34. Qxf5 1-0

[Event "48th Groningen Open A"]
[Site "Groningen NED"]
[Date "2011.12.23"]
[Round "3.21"]
[White "De Jong, Migchiel"]
[Black "Vogel, Jaap"]
[Result "1-0"]
[WhiteElo "2367"]
[BlackElo "2169"]
[PlyCount "161"]
[EventDate "2011.12.21"]

1. e4 e6 2. d4 d5 3. Nc3 Bb4 4. e5 c5 5. a3 Bxc3+ 6. bxc3 Qa5 7. Bd2 Qa4 8. Qb1
c4 9. h4 Nc6 10. h5 h6 11. g3 Bd7 12. Bh3 O-O-O 13. Nf3 Nge7 14. O-O g6 15. Bg4
Nf5 16. Kg2 Rdf8 17. Qc1 g5 18. Qb2 f6 19. Rab1 b6 20. Rbe1 fxe5 21. Nxe5 Nxe5
22. Rxe5 Nd6 23. f3 Rf6 24. Rfe1 Re8 25. R1e2 Qc6 26. Qc1 Nf7 27. R5e3 Qd6 28.
Qe1 Kb7 29. Bc1 Ka6 30. Rf2 Qf8 31. Ree2 Nd6 32. Bd2 Nf7 33. Qc1 Nd6 34. Rf1
Qg8 35. a4 Qf8 36. Qa1 Nf7 37. Bc1 Qd6 38. a5 b5 39. Ba3 Qc7 40. Rfe1 Nd6 41.
Bb4 Nf5 42. Re5 Qc6 43. Qa3 Rf7 44. R1e2 Rf6 45. Qc1 Nd6 46. Qe1 Nc8 47. Bc5
Kb7 48. Qa1 Ka6 49. Qa3 Rf7 50. Bb4 Rf6 51. Qc1 Nd6 52. Re1 Nf7 53. R5e2 Nd6
54. Qe3 Nf7 55. Qf2 Nd6 56. Re5 Nf7 57. R5e3 Nd6 58. Qe2 Nc8 59. Qd2 Nd6 60.
R1e2 Nf5 61. Re5 Nd6 62. Qc1 Nf7 63. R5e3 Nd6 64. Qa3 Nc8 65. Re5 Qc7 66. Rf2
Bc6 67. Rf1 Bd7 68. Re2 Bc6 69. Rfe1 Bd7 70. Re5 Qc6 71. Kf2 Qc7 72. Ke2 Qc6
73. Kd1 Qc7 74. Kc1 Qc6 75. Kb1 Qc7 76. Qc1 Nd6 77. R5e2 Qc6 78. Qe3 Nf7 79. f4
gxf4 80. gxf4 Nd6 81. Qe5 1-0

[Event "48th Groningen Open A"]
[Site "Groningen NED"]
[Date "2011.12.23"]
[Round "3.22"]
[White "Kerigan, Demre"]
[Black "Van Overdam, Julian"]
[Result "0-1"]
[WhiteElo "2192"]
[BlackElo "2244"]
[PlyCount "70"]
[EventDate "2011.12.21"]

1. e4 c5 2. Nf3 e6 3. d4 cxd4 4. Nxd4 Nf6 5. Nc3 d6 6. g4 h6 7. Bg2 Nc6 8. h3
a6 9. Be3 Ne5 10. Qe2 g5 11. O-O-O Bd7 12. Nf3 Qa5 13. Kb1 Rc8 14. Bd4 Be7 15.
h4 Rg8 16. hxg5 hxg5 17. Nd2 b5 18. a3 Qc7 19. f3 Rb8 20. Na2 a5 21. c3 Nc6 22.
Be3 e5 23. Rc1 Be6 24. Rhd1 Qb7 25. c4 b4 26. a4 b3 27. Nc3 Qb4 28. Qd3 Nd4 29.
Bxd4 exd4 30. Qxd4 Nd7 31. Qa7 Bf6 32. e5 Bxe5 33. Nde4 f5 34. gxf5 Bxf5 35.
Rd4 Rb7 0-1

[Event "48th Groningen Open A"]
[Site "Groningen NED"]
[Date "2011.12.23"]
[Round "3.23"]
[White "Bijlsma, Nick"]
[Black "Clemens, Adrian"]
[Result "1/2-1/2"]
[WhiteElo "2150"]
[BlackElo "2226"]
[PlyCount "81"]
[EventDate "2011.12.21"]

1. e4 c5 2. Nf3 e6 3. d4 cxd4 4. Nxd4 a6 5. Bd3 Bc5 6. Nb3 Be7 7. Qg4 g6 8. Qe2
d6 9. O-O Nd7 10. a4 b6 11. a5 b5 12. Be3 Ngf6 13. N1d2 d5 14. exd5 Nxd5 15.
Bh6 Bf8 16. Bxf8 Kxf8 17. c4 bxc4 18. Nxc4 Qe7 19. Rfd1 Bb7 20. Ne5 Nxe5 21.
Qxe5 f6 22. Qd4 e5 23. Qa4 Kg7 24. Rac1 Rac8 25. Bxa6 Rxc1 26. Nxc1 Bxa6 27.
Rxd5 Rd8 28. Rxd8 Qxd8 29. h3 Qd2 30. Qc6 Qxa5 31. Kh2 Qb5 32. Qc7+ Kh6 33. Qd6
f5 34. Qf8+ Kg5 35. Qe7+ Kh6 36. g4 fxg4 37. hxg4 Qc4 38. Qh4+ Kg7 39. Qe7+ Kh6
40. Qh4+ Kg7 41. Qe7+ 1/2-1/2

[Event "48th Groningen Open A"]
[Site "Groningen NED"]
[Date "2011.12.23"]
[Round "3.24"]
[White "Meng, Roger"]
[Black "Heemskerk, Wim"]
[Result "1/2-1/2"]
[WhiteElo "2283"]
[BlackElo "2264"]
[PlyCount "105"]
[EventDate "2011.12.21"]

1. e4 e6 2. d4 d5 3. Nc3 Nf6 4. e5 Nfd7 5. f4 c5 6. Nf3 Nc6 7. Be3 Be7 8. Qd2
O-O 9. g3 b6 10. Bg2 f6 11. Bh3 Kh8 12. Bxe6 Ndxe5 13. Nxe5 Nxe5 14. Bxd5 Qxd5
15. Nxd5 Nf3+ 16. Ke2 Nxd2 17. Kxd2 cxd4 18. Bxd4 Bd6 19. Rhe1 Bb7 20. Ne3 Rad8
21. c3 Bc5 22. Nc2 Kg8 23. Re3 Bc8 24. Rae1 Bf5 25. Kc1 Bd6 26. Na1 Rc8 27. a4
Rfd8 28. Kd2 h5 29. Nb3 h4 30. Ke2 hxg3 31. hxg3 Kf7 32. Rh1 Bc2 33. Nd2 Rh8
34. Rxh8 Rxh8 35. a5 Rh2+ 36. Ke1 Rh1+ 37. Nf1 bxa5 38. Bxa7 Bb3 39. Re4 a4 40.
Kf2 Rh8 41. Be3 f5 42. Rd4 Ke6 43. Nd2 Bc5 44. Nxb3 axb3 45. Rd2 Rh2+ 46. Kf3
Rxd2 47. Bxd2 Kd5 48. Be3 Ba3 49. Bc1 Bc5 50. Bd2 Kc4 51. Ke2 g6 52. Be3 Ba3
53. Bc1 1/2-1/2

[Event "48th Groningen Open A"]
[Site "Groningen NED"]
[Date "2011.12.23"]
[Round "3.25"]
[White "Andraschko, Felix"]
[Black "Duijker, Rick"]
[Result "1/2-1/2"]
[WhiteElo "2103"]
[BlackElo "2204"]
[PlyCount "46"]
[EventDate "2011.12.21"]

1. Nf3 Nf6 2. c4 e6 3. g3 b6 4. Bg2 Bb7 5. O-O c5 6. Nc3 Be7 7. d4 cxd4 8. Qxd4
O-O 9. Bg5 h6 10. Bxf6 Bxf6 11. Qd3 Na6 12. Rad1 Rc8 13. Nb5 d5 14. cxd5 Qxd5
15. Nd6 Qxd3 16. Rxd3 Bxf3 17. Bxf3 Rc2 18. Ra3 Nb4 19. Rxa7 Be5 20. Nb5 Rxb2
21. a4 Na2 22. Rb7 Nc3 23. Nxc3 Bxc3 1/2-1/2

[Event "48th Groningen Open A"]
[Site "Groningen NED"]
[Date "2011.12.23"]
[Round "3.26"]
[White "Knol, Geon"]
[Black "Kappus, Stephan"]
[Result "1/2-1/2"]
[WhiteElo "2152"]
[BlackElo "2093"]
[PlyCount "100"]
[EventDate "2011.12.21"]

1. e4 c5 2. Nc3 Nc6 3. g3 e6 4. Bg2 Nf6 5. f4 d6 6. d3 Be7 7. Nge2 O-O 8. O-O
Bd7 9. h3 Rb8 10. Be3 b5 11. Qd2 b4 12. Nd1 e5 13. f5 Nd4 14. g4 Nxe2+ 15. Qxe2
h6 16. Nf2 Nh7 17. Nh1 Bg5 18. Bf2 a5 19. Qe1 Ba4 20. b3 Bc6 21. a4 bxa3 22.
Rxa3 a4 23. bxa4 Rb2 24. Qc3 Qb8 25. Rb3 Rxb3 26. cxb3 Qb7 27. Ra1 Rb8 28. Ra3
Bd8 29. Be1 Qa7 30. Nf2 Nf6 31. Kf1 Bb7 32. Nd1 Ba6 33. Ne3 Qb7 34. Kg1 Ra8 35.
Bf1 Bc7 36. a5 Rb8 37. Nc4 d5 38. exd5 Qxd5 39. Bg2 e4 40. dxe4 Nxe4 41. Qe3
Re8 42. Ra1 Bxc4 43. bxc4 Qe5 44. Ra2 Qh2+ 45. Kf1 Bf4 46. Qf3 Ng5 47. Qc6
Rxe1+ 48. Kxe1 Qg1+ 49. Ke2 Qe3+ 50. Kf1 Qc1+ 1/2-1/2

[Event "48th Groningen Open A"]
[Site "Groningen NED"]
[Date "2011.12.23"]
[Round "3.27"]
[White "Dehn, Marcus"]
[Black "Hummel, Joop"]
[Result "1-0"]
[WhiteElo "2134"]
[BlackElo "2030"]
[PlyCount "85"]
[EventDate "2011.12.21"]

1. e4 e6 2. d3 d5 3. Nd2 c5 4. g3 Nc6 5. Bg2 Bd6 6. exd5 exd5 7. Bxd5 Nf6 8.
Bxc6+ bxc6 9. Qe2+ Be6 10. Ne4 Nxe4 11. dxe4 O-O 12. f3 Re8 13. Kf2 f5 14. exf5
Bxf5 15. Be3 c4 16. Qxc4+ Kh8 17. Re1 Qa5 18. a3 Rxe3 19. b4 Qb6 20. Rxe3 Re8
21. Qe2 h6 22. f4 a5 23. c3 Bb8 24. Nf3 Bg4 25. Qe1 axb4 26. axb4 Ba7 27. Nd4
Rxe3 28. Qxe3 Qa6 29. Qd2 Qc4 30. Re1 Qd5 31. Qe3 Bh5 32. Kg1 Qc4 33. h3 Bf7
34. Ra1 Bb6 35. Ra8+ Kh7 36. Qe4+ g6 37. Qe5 Bg8 38. Rb8 Qa6 39. Qe7+ Kh8 40.
Qe8 Qa1+ 41. Kg2 Qa2+ 42. Ne2 Qd5+ 43. Kh2 1-0

[Event "48th Groningen Open A"]
[Site "Groningen NED"]
[Date "2011.12.24"]
[Round "4.1"]
[White "Zherebukh, Yaroslav"]
[Black "Poetsch, Hagen"]
[Result "1-0"]
[WhiteElo "2594"]
[BlackElo "2408"]
[PlyCount "107"]
[EventDate "2011.12.21"]

1. e4 e6 2. d4 d5 3. e5 c5 4. c3 Qb6 5. Nf3 Nc6 6. a3 Nh6 7. b4 cxd4 8. Bxh6
gxh6 9. cxd4 Bd7 10. Be2 Rg8 11. O-O Rg4 12. h3 Rf4 13. g3 Rxf3 14. Bxf3 Qxd4
15. Qxd4 Nxd4 16. Bh5 a5 17. Nc3 Rc8 18. Ne2 Nc6 19. Rfc1 axb4 20. axb4 Rb8 21.
f4 Bxb4 22. Rc2 Ke7 23. Rca2 f6 24. exf6+ Kxf6 25. Ra8 Rxa8 26. Rxa8 e5 27.
fxe5+ Nxe5 28. Kh2 Bc6 29. Rh8 Kg7 30. Rc8 Bd6 31. Be8 Bxe8 32. Rxe8 Nc6 33.
Re6 Bf8 34. Nf4 Kf7 35. Re3 d4 36. Rb3 Nb4 37. Kg2 Kf6 38. Kf3 Ke5 39. Rb1 b5
40. Re1+ Kd6 41. h4 Nc6 42. Re6+ Kc5 43. Ke4 b4 44. Rf6 Be7 45. Rxh6 b3 46.
Nd3+ Kb5 47. Rxh7 Kc4 48. h5 Kc3 49. h6 b2 50. Nxb2 Kxb2 51. Rxe7 Nxe7 52. h7
Ng6 53. Kxd4 Kb3 54. Ke4 1-0

[Event "48th Groningen Open A"]
[Site "Groningen NED"]
[Date "2011.12.24"]
[Round "4.2"]
[White "Ruck, Robert"]
[Black "Tiviakov, Sergei"]
[Result "1/2-1/2"]
[WhiteElo "2579"]
[BlackElo "2650"]
[PlyCount "20"]
[EventDate "2011.12.21"]

1. Nf3 Nf6 2. c4 b6 3. g3 Bb7 4. Bg2 g6 5. O-O Bg7 6. Nc3 O-O 7. d4 Ne4 8. Nxe4
Bxe4 9. Be3 d6 10. Qd2 e6 1/2-1/2

[Event "48th Groningen Open A"]
[Site "Groningen NED"]
[Date "2011.12.24"]
[Round "4.3"]
[White "Ypma, Peter"]
[Black "Hess, Robert L"]
[Result "0-1"]
[WhiteElo "2105"]
[BlackElo "2625"]
[PlyCount "76"]
[EventDate "2011.12.21"]

1. e4 e5 2. Nf3 Nc6 3. Bc4 Bc5 4. c3 Nf6 5. d4 exd4 6. cxd4 Bb4+ 7. Nc3 Nxe4 8.
O-O Bxc3 9. d5 Bf6 10. Re1 Ne7 11. Rxe4 d6 12. g4 O-O 13. g5 Be5 14. Nxe5 dxe5
15. Rxe5 Ng6 16. Re4 Bf5 17. Rd4 Re8 18. h4 Be4 19. Qg4 Ne5 20. Qxe4 Nxc4 21.
Qf4 Nb6 22. d6 Re1+ 23. Kg2 cxd6 24. Rxd6 Qe8 25. b3 Qb5 26. Qd4 Qf1+ 27. Kg3
Qg1+ 28. Kf4 Qh2+ 29. Kf3 Qh3+ 30. Kf4 Qxh4+ 31. Kf3 Qh1+ 32. Kf4 Qh4+ 33. Kf3
Qh3+ 34. Kf4 h5 35. f3 Qh4+ 36. Kf5 g6+ 37. Kf6 Qxd4+ 38. Rxd4 Re6# 0-1

[Event "48th Groningen Open A"]
[Site "Groningen NED"]
[Date "2011.12.24"]
[Round "4.5"]
[White "Naroditsky, Daniel"]
[Black "Maatman, Nick"]
[Result "1/2-1/2"]
[WhiteElo "2472"]
[BlackElo "2029"]
[PlyCount "84"]
[EventDate "2011.12.21"]

1. e4 e6 2. d4 d5 3. Nd2 Nf6 4. e5 Nfd7 5. Bd3 c5 6. c3 Nc6 7. Ngf3 g6 8. h4 h6
9. Bc2 Qb6 10. dxc5 Qxc5 11. Nb3 Qc4 12. Nbd4 Ndxe5 13. Nxe5 Nxe5 14. f4 Nd7
15. h5 gxh5 16. Qxh5 Nf6 17. Qe5 Be7 18. f5 Rg8 19. fxe6 Bxe6 20. Bf4 Nd7 21.
Qe3 Rxg2 22. Bd3 Qc5 23. O-O-O Qb6 24. Rd2 Rxd2 25. Qxd2 O-O-O 26. Rxh6 Nc5 27.
Bc2 Rg8 28. Qe3 Qa6 29. b4 Ne4 30. Kb2 Rg2 31. Rh2 Rxh2 32. Bxh2 Bg5 33. Qg1
Qc4 34. Bxe4 dxe4 35. Nxe6 fxe6 36. Be5 Qe2+ 37. Kb3 Qe3 38. Qf1 Qd3 39. Qf8+
Kd7 40. Qg7+ Be7 41. Bf6 Qd1+ 42. Ka3 Qc1+ 1/2-1/2

[Event "48th Groningen Open A"]
[Site "Groningen NED"]
[Date "2011.12.24"]
[Round "4.6"]
[White "Van Assendelft, Floris"]
[Black "Ernst, Sipke"]
[Result "0-1"]
[WhiteElo "2357"]
[BlackElo "2593"]
[PlyCount "82"]
[EventDate "2011.12.21"]

1. e4 e5 2. Nf3 Nc6 3. Bb5 a6 4. Ba4 Nf6 5. d3 b5 6. Bb3 Be7 7. O-O d6 8. c3
O-O 9. a4 Bg4 10. Nbd2 Na5 11. Bc2 b4 12. h3 Bh5 13. Re1 Rb8 14. d4 Nd7 15. Bd3
bxc3 16. bxc3 exd4 17. cxd4 Nc6 18. g4 Nb4 19. Bf1 Bg6 20. Ba3 a5 21. Rc1 h5
22. Nc4 hxg4 23. hxg4 c5 24. Bb2 Re8 25. Qd2 Nf6 26. Qf4 Nxe4 27. Rcd1 Nd5 28.
Qc1 Qd7 29. Nfe5 dxe5 30. Nxe5 Qe6 31. Bg2 Bg5 32. Qc2 Nec3 33. Nxg6 Qxg6 34.
Qxg6 fxg6 35. Rxe8+ Rxe8 36. Rd3 Ne2+ 37. Kf1 Ndf4 38. Re3 Rxe3 39. fxe3 Ng3+
40. Kf2 Nd3+ 41. Kxg3 Nxb2 0-1

[Event "48th Groningen Open A"]
[Site "Groningen NED"]
[Date "2011.12.24"]
[Round "4.7"]
[White "Rapport, Richard"]
[Black "Pijpers, Arthur"]
[Result "1-0"]
[WhiteElo "2534"]
[BlackElo "2332"]
[PlyCount "75"]
[EventDate "2011.12.21"]

1. d4 Nf6 2. c4 c5 3. d5 b5 4. Nf3 g6 5. cxb5 a6 6. b6 Qxb6 7. Nc3 d6 8. e4 Bg7
9. Nd2 O-O 10. a4 Nbd7 11. a5 Qc7 12. Nc4 Rb8 13. Be2 Ne8 14. O-O Qd8 15. Na4
Nc7 16. Rb1 Nb5 17. Nab6 Re8 18. Bg5 h6 19. Bh4 Nxb6 20. Nxb6 Rxb6 21. axb6
Qxb6 22. Bc4 Bd7 23. Qd3 a5 24. f4 a4 25. f5 g5 26. Bf2 Nd4 27. Kh1 Rb8 28. b4
axb3 29. Bxd4 Bxd4 30. Rxb3 Qd8 31. Rfb1 Rxb3 32. Qxb3 Qa5 33. Qh3 Kh7 34. e5
Bxe5 35. f6 Bxh3 36. Bd3+ Kg8 37. Rb8+ Qd8 38. Rxd8# 1-0

[Event "48th Groningen Open A"]
[Site "Groningen NED"]
[Date "2011.12.24"]
[Round "4.8"]
[White "Bok, Benjamin"]
[Black "Georgiadis, Nico"]
[Result "1/2-1/2"]
[WhiteElo "2513"]
[BlackElo "2316"]
[PlyCount "199"]
[EventDate "2011.12.21"]

1. e4 c5 2. Nf3 g6 3. c3 d5 4. e5 Nc6 5. d4 Bg4 6. dxc5 Bg7 7. Bf4 Bxf3 8. Qxf3
Nxe5 9. Bb5+ Nc6 10. O-O Nf6 11. Re1 O-O 12. Nd2 a6 13. Ba4 d4 14. Nb3 dxc3 15.
Rad1 Qc8 16. bxc3 Qf5 17. Bxc6 bxc6 18. Nd4 Qxc5 19. Nxc6 Kh8 20. Nxe7 Rad8 21.
Rxd8 Rxd8 22. Nc6 Rc8 23. Ne5 Qxc3 24. Nxf7+ Kg8 25. Nh6+ Bxh6 26. Qxc3 Rxc3
27. Bxh6 Kf7 28. h3 Rc2 29. a3 Rc3 30. Re3 Rxe3 31. Bxe3 Ke6 32. Kf1 Kd5 33.
Ke2 Ke4 34. f3+ Kd5 35. Kd3 Nd7 36. Bd4 Nb8 37. Ke3 Nd7 38. Kd3 Nb8 39. g4 Nc6
40. Bc3 Nd8 41. f4 Nf7 42. Bb4 Nd8 43. Ke3 Nf7 44. Be7 Ke6 45. Bf8 Kd5 46. Kd3
Nd8 47. Be7 Ne6 48. Ke3 Nd4 49. Bb4 Nc2+ 50. Kd3 Nd4 51. Bc3 Nc6 52. Ke3 Nd8
53. f5 gxf5 54. gxf5 Nf7 55. Kf4 Nd6 56. Bb4 Nf7 57. Bd2 Kd4 58. Be3+ Kd5 59.
Bb6 Kc6 60. Ba7 Kd5 61. Bb8 Kd4 62. h4 Kd5 63. Kf3 Nh6 64. Kf4 Nf7 65. Ba7 Nd6
66. Be3 Nf7 67. h5 Nd6 68. Bg1 Nf7 69. Ba7 Nd6 70. Bb8 Nf7 71. Bc7 Kd4 72. Kf3
Nh6 73. Kf4 Nf7 74. Bb6+ Kd5 75. a4 Nd6 76. Ba7 Nf7 77. Bf2 Nd6 78. Bg3 Nf7 79.
Bh2 Kd4 80. Kf3 Nh6 81. Kf4 Nf7 82. Bg3 Kd5 83. Bf2 Nd6 84. Kg5 Ke4 85. Kh6
Kxf5 86. Kxh7 Kg5 87. h6 Nf5 88. Kg8 Nxh6+ 89. Kf8 Kf6 90. Ke8 Ke6 91. Kd8 Nf7+
92. Kc7 Nd6 93. Kc6 Nc4 94. Bd4 Nd6 95. Kb6 Kd7 96. Bc5 Nc4+ 97. Kxa6 Nb2 98.
a5 Nc4 99. Kb5 Nxa5 100. Kxa5 1/2-1/2

[Event "48th Groningen Open A"]
[Site "Groningen NED"]
[Date "2011.12.24"]
[Round "4.9"]
[White "Klein, David"]
[Black "Michalik, Peter"]
[Result "1/2-1/2"]
[WhiteElo "2378"]
[BlackElo "2509"]
[PlyCount "42"]
[EventDate "2011.12.21"]

1. e4 c6 2. d4 d5 3. e5 Bf5 4. Nf3 e6 5. Be2 c5 6. Be3 Qb6 7. Nc3 Nc6 8. O-O
Qxb2 9. Qe1 c4 10. Rb1 Qxc2 11. Rxb7 Rb8 12. Rxb8+ Nxb8 13. Bd1 Qb2 14. Ba4+
Nd7 15. Nb5 Qb4 16. Qd1 c3 17. Nh4 Be4 18. Nxc3 Qxc3 19. Bxd7+ Kxd7 20. Qa4+
Qc6 21. Qxa7+ Qc7 1/2-1/2

[Event "48th Groningen Open A"]
[Site "Groningen NED"]
[Date "2011.12.24"]
[Round "4.11"]
[White "Kuipers, Stefan"]
[Black "Tarasova, Viktoriya"]
[Result "1/2-1/2"]
[WhiteElo "2396"]
[BlackElo "2294"]
[PlyCount "147"]
[EventDate "2011.12.21"]

1. e4 e5 2. Nf3 Nc6 3. Bb5 a6 4. Bxc6 dxc6 5. O-O Qd6 6. Na3 b5 7. c3 c5 8. Qe2
Ne7 9. Rd1 Nc6 10. Nc2 c4 11. a4 Rb8 12. axb5 axb5 13. d3 cxd3 14. Rxd3 Qg6 15.
Rd5 Bd6 16. Rxb5 Rxb5 17. Qxb5 Qxe4 18. Nb4 Bxb4 19. cxb4 O-O 20. Be3 Rd8 21.
Rc1 Bd7 22. Qb7 Qxb4 23. Qxb4 Nxb4 24. Nxe5 Be6 25. h3 Nd5 26. Nc6 Ra8 27. Bc5
Nf4 28. Rd1 Re8 29. Ne7+ Kh8 30. Be3 Ng6 31. Nc6 h6 32. Rc1 Ne7 33. Nxe7 Rxe7
34. Bf4 Bb3 35. Kf1 Rd7 36. Bxc7 Rd1+ 37. Rxd1 Bxd1 38. Ke1 Bb3 39. Kd2 Kg8 40.
Bd6 f5 41. Kc3 Bd5 42. g3 Kf7 43. b4 Ke6 44. Bf8 Kf7 45. Bc5 Bg2 46. h4 Bf1 47.
Kd4 Ke6 48. Bf8 Kf7 49. Bd6 Ke6 50. Kc5 g6 51. Bf4 h5 52. Kc6 Bg2+ 53. Kc7 Bf1
54. Bg5 Be2 55. Kd8 Bb5 56. Be3 Ba6 57. Kc7 Kd5 58. Bf4 Bb5 59. Kb6 Kc4 60. Kc7
Kxb4 61. Kd6 Be2 62. Ke5 Kc4 63. Kf6 Kd3 64. Ke5 Kc4 65. Kf6 Kd3 66. Ke5 Bg4
67. Be3 Ke2 68. Kf4 Bf3 69. Bb6 Bg4 70. Kg5 Kf3 71. Kxg6 Ke4 72. f4 Kf3 73. Bd8
Kxg3 74. Bg5 1/2-1/2

[Event "48th Groningen Open A"]
[Site "Groningen NED"]
[Date "2011.12.24"]
[Round "4.12"]
[White "Romanov, Evgeny"]
[Black "Firat, Burak"]
[Result "1-0"]
[WhiteElo "2627"]
[BlackElo "2393"]
[PlyCount "135"]
[EventDate "2011.12.21"]

1. e4 c5 2. Nf3 e6 3. g3 Nc6 4. Qe2 Be7 5. Bg2 d5 6. d3 Nf6 7. O-O O-O 8. e5
Nd7 9. c4 Nb6 10. b3 Rb8 11. Nc3 Na8 12. Rd1 d4 13. Ne4 Nc7 14. h4 f5 15. exf6
gxf6 16. Nh2 Kh8 17. Re1 Bd7 18. g4 e5 19. Ng3 Bd6 20. Nf5 Bxf5 21. gxf5 Qd7
22. Be4 Rg8+ 23. Kh1 Qf7 24. Nf1 Ne7 25. a4 Ne8 26. Ng3 Bc7 27. Bd2 Nd6 28. Rg1
Rg7 29. Bh6 Rxg3 30. fxg3 Nexf5 31. Bd2 Qg6 32. g4 Nxe4 33. Qxe4 Nxh4 34. Raf1
Qxe4+ 35. dxe4 Kg7 36. g5 fxg5 37. Bxg5 Ng6 38. Rf5 Rf8 39. Be7 Re8 40. Bxc5 a5
41. Rf3 b6 42. Ba3 Bd8 43. Bc1 Be7 44. Rh3 Kg8 45. Rh5 Bb4 46. Rg3 Re6 47. Kg1
Be1 48. Rf3 Bb4 49. Kf1 Re8 50. Ke2 Rd8 51. Rg3 Re8 52. Bh6 Bd6 53. Rf5 Rd8 54.
Kd3 Re8 55. Rf6 Rd8 56. Rgf3 Bc5 57. Rc6 Re8 58. Rc7 Bf8 59. Bg5 Re6 60. Rc8
Kg7 61. Rh3 Be7 62. Bh6+ Kf7 63. Rf3+ Rf6 64. Rxf6+ Bxf6 65. c5 bxc5 66. Rxc5
Bd8 67. b4 axb4 68. a5 1-0

[Event "48th Groningen Open A"]
[Site "Groningen NED"]
[Date "2011.12.24"]
[Round "4.13"]
[White "Thakur, Akash"]
[Black "Durarbeyli, Vasif"]
[Result "1/2-1/2"]
[WhiteElo "2324"]
[BlackElo "2539"]
[PlyCount "39"]
[EventDate "2011.12.21"]

1. e4 c5 2. Nf3 e6 3. c4 a6 4. Nc3 Qc7 5. d4 cxd4 6. Nxd4 Nf6 7. Be2 Bb4 8. Qd3
Nc6 9. Nxc6 dxc6 10. O-O e5 11. Be3 Be6 12. Na4 Qe7 13. a3 Bd6 14. Rfd1 Rd8 15.
Qc2 O-O 16. Bb6 Bc7 17. Bc5 Bd6 18. Bb6 Bc7 19. Bc5 Bd6 20. Bb6 1/2-1/2

[Event "48th Groningen Open A"]
[Site "Groningen NED"]
[Date "2011.12.24"]
[Round "4.14"]
[White "Van Overdam, Julian"]
[Black "Brandenburg, Daan"]
[Result "0-1"]
[WhiteElo "2244"]
[BlackElo "2519"]
[PlyCount "160"]
[EventDate "2011.12.21"]

1. e4 e5 2. Nf3 Nc6 3. d4 exd4 4. Nxd4 Nf6 5. Nxc6 bxc6 6. e5 Qe7 7. Qe2 Nd5 8.
c4 Ba6 9. b3 g6 10. g3 Bg7 11. Bb2 O-O 12. Bg2 Rae8 13. O-O Nb6 14. Re1 f6 15.
e6 Qd6 16. c5 Bxe2 17. cxd6 Rxe6 18. dxc7 Rfe8 19. Nd2 f5 20. Bxg7 Kxg7 21. Nf3
Bxf3 22. Rxe6 Rxe6 23. Bxf3 Re8 24. a4 Rc8 25. a5 Na8 26. Rd1 Rxc7 27. b4 a6
28. Be2 Ra7 29. g4 Kf6 30. gxf5 Kxf5 31. Rd3 Ke5 32. Re3+ Kf6 33. Rh3 Nc7 34.
Rxh7 Nd5 35. Rh4 g5 36. Rg4 Nf4 37. Bf1 Rb7 38. h4 Rxb4 39. Rxg5 Rb1 40. Rg4
Kf5 41. f3 Nd5 42. Re4 Nf6 43. Rc4 Ra1 44. Rc5+ Kf4 45. h5 Ng8 46. Kf2 Ra2+ 47.
Be2 Nh6 48. Ke1 Nf5 49. Bxa6 Nd4 50. h6 Rh2 51. Bc8 Rh1+ 52. Kf2 Rh2+ 53. Ke1
Rxh6 54. Bxd7 Nxf3+ 55. Kd1 Rd6+ 56. Kc1 Nd4 57. a6 Rxd7 58. Rc4 Ke5 59. Kb2
Kd5 60. Ra4 Nb5 61. Kb3 Kc5 62. Rh4 Kb6 63. Rh6 Rd6 64. Rh8 Kxa6 65. Kc4 Kb7
66. Kb4 Nc7 67. Rh4 Kb6 68. Ka4 c5 69. Rh3 Rd4+ 70. Ka3 Ka5 71. Rh7 Nb5+ 72.
Kb3 c4+ 73. Kc2 Kb4 74. Rb7 Rh4 75. Rb8 Rh2+ 76. Kb1 c3 77. Rb6 Kc4 78. Rb8 Nd4
79. Rg8 Rb2+ 80. Ka1 Nb3# 0-1

[Event "48th Groningen Open A"]
[Site "Groningen NED"]
[Date "2011.12.24"]
[Round "4.15"]
[White "Hoffmann, Michael1"]
[Black "Anurag, Mhamal"]
[Result "1/2-1/2"]
[WhiteElo "2499"]
[BlackElo "2222"]
[PlyCount "72"]
[EventDate "2011.12.21"]

1. d4 Nf6 2. c4 c6 3. Nf3 d5 4. Nc3 g6 5. cxd5 cxd5 6. Qb3 Nc6 7. Bg5 Na5 8.
Qa4+ Bd7 9. Qd1 Nc4 10. e3 Nxb2 11. Qb3 Qa5 12. Bb5 Rc8 13. Bxd7+ Nxd7 14. Qxb2
Qxc3+ 15. Qxc3 Rxc3 16. Kd2 Rc6 17. Rhb1 f6 18. Bf4 g5 19. Bg3 Nb6 20. Kd3 Kd7
21. Rb3 Kc8 22. Rab1 h5 23. h3 e6 24. Nd2 Rh7 25. Rc3 Rxc3+ 26. Kxc3 Rd7 27.
Kd3 Bd6 28. Bxd6 Rxd6 29. g4 hxg4 30. hxg4 Rc6 31. Rh1 Na4 32. Rh8+ Kc7 33.
Rh7+ Kb6 34. Nb3 e5 35. Rd7 Nb2+ 36. Kd2 Nc4+ 1/2-1/2